Flagi Republik Federacji Rosyjskiej - Statystyki

Ogólne statystyki
  • Ten quiz został rozwiązany 321 razy
  • Średni wynik to 13 z 21
Statystyki odpowiedzi
Obrazkowy Odpowiedź % Poprawnych
Czeczenia
93%
Jakucja
80%
Osetia Północna
75%
Tatarstan
71%
Tuwa
71%
Adygeja
67%
Karelia
67%
Dagestan
66%
Inguszetia
60%
Mari El
56%
Mordowia
56%
Buriacja
55%
Kałmucja
54%
Ałtaj
53%
Baszkortostan
53%
Komi
53%
Udmurcja
49%
Czuwaszja
48%
Karaczajo-Czerkiesja
45%
Chakasja
44%
Kabardo-Bałkaria
36%
Nie znaleziono quizów pasujących do podanych kryteriów
Rozkład punktacji
Procent ludzi z każdym wynikiem
Percentyl według liczby udzielonych odpowiedzi
Twoja historia wyników
Nie rozwiązałeś tego quizu